00551cam a22001813a 450000100060000000300060000600500170001200800410002904000150007004200070008510000290009224500980012126000290021950600300024851600200027883000290029885600420032740493PGUSA20140828083914.0120813s2012||||xxu|||||s|||||000 | eng d aPGUSAbeng adc1 aTracy, Louis,d1863-192814aThe King of Diamonds :bA Tale of Mystery and Adventureh[electronic resource] /cLouis Tracy bProject Gutenberg,c2012 aPublic domain in the USA. aElectronic text 0aProject Gutenbergv4049340uhttp://www.gutenberg.org/ebooks/40493